| 000 | 00611nam a22001817a 4500 | ||
|---|---|---|---|
| 008 | 230622b |||||||| |||| 00| 0 eng d | ||
| 020 | _a0-444-99858-6 | ||
| 040 |
_aNational Science Library _cNational Science Library |
||
| 080 |
_a628.1 _bL5 |
||
| 100 | 1 |
_aBaumgartner, Albert _912162 |
|
| 245 |
_aWorld water balance: _bMean annual global, continental and maritime precipitation, evaporation and run off |
||
| 260 |
_aAmsterdam: _bElsevier Scientific Publishing Company, _c1975 |
||
| 300 | _a179p. | ||
| 650 | _aWater balance | ||
| 653 | _aWater cycle | ||
| 700 | _aReichel, Eberhard | ||
| 942 |
_2udc _cBK |
||
| 999 |
_c46096 _d46096 |
||